| 000 | 01851nam a22002417a 4500 | ||
|---|---|---|---|
| 999 |
_c62704 _d62704 |
||
| 003 | Ge_BSU | ||
| 005 | 20250127121135.0 | ||
| 008 | 250127s2021 ge ||||| |||| 00| 0 geo d | ||
| 020 | _a9789941817762 | ||
| 041 | _ageo | ||
| 080 | _a94(479.22 : 510) ლ-69 | ||
| 245 |
_aლიუ-ყანდარელი კუანგვენის ღვაწლი ჩინეთ-საქართველოს ურთიერთობაში / _cემზარ მაკარაძე, დავით ანდღულაძე, ნათელა ფარტენაძე, ოთარ გოგოლიშვილი, იულია გორჯელაძე; რედ. ნათელა ფარტენაძე; ბსუ. ჰუმანიტარულ მეცნიერებატა ფაკულტეტი. არმოსავლეთმცოდნეობის დეპარტამენტი. |
||
| 264 |
_aბათუმი, _c2021. |
||
| 300 |
_a122 გვ. : _bილ.; _c21 სმ. |
||
| 700 |
_aმაკარაძე, ემზარ _eავტორი _924124 |
||
| 700 |
_a ანდღულაძე, დავით _eავტორი _924125 |
||
| 700 |
_aფარტენაძე, ნათელა _eავტორი _924126 |
||
| 700 |
_aგოგოლიშვილი, ოთარ _eავტორი _924127 |
||
| 700 |
_aგორჯელაძე, იულია _eავტორი _96010 |
||
| 700 |
_aფარტენაძე, ნათელა _eრედაქტორი _924128 |
||
| 710 |
_aბსუ. ჰუმანიტარულ მეცნიერებათა ფაკულტეტი. _bაღმოსავლეთმცოდნეობის დეპარტამენტი. _924129 |
||
| 942 |
_2udc _cᲬᲘᲒᲜᲘ |
||